| 000 | 00695nam a22001695i 4500 | ||
|---|---|---|---|
| 001 | 155494 | ||
| 003 | ES-MaACL | ||
| 005 | 20230906210112.0 | ||
| 008 | 040721s1855 fr |||| | fre d | ||
| 040 |
_aCAM _bspa _cCAM |
||
| 245 | 0 | 0 |
_aHitopadésa ou L'Instruction utile _b: recueil d'apologues et de contes / _ctraduit du sanscrit avec des notes historiques et littéraires et un appendice... par Edouard Lancereau. |
| 260 |
_aA Paris : _bchez P. Jannet, libraire, _c1855 ( _fImp. Guiraudet et Jouaust) |
||
| 300 |
_aXI, 288 p. ; _c17 cm. |
||
| 650 | 0 | 4 |
_aLiteratura india- _xHistoria y crítica. _9162866 |
| 700 | 1 |
_aLancereau, Edouard. _9128649 |
|
| 852 |
_aES-MaACL _jG-2374(1) _z- Enc. tela |
||
| 999 |
_c155494 _d155494 |
||